000 00378nam a2200133Ia 4500
008 220217s9999||||xx |||||||||||||| ||und||
020 _a199455503
082 _a005.133 ROY
100 _aRoy, Uttam, K
_910210
245 0 _aAdvanced java programming
260 _aOxford university press
_bNew Delhi
_c2017
300 _aXXIII, 854p.
_b750
650 _aPROGRAMMING LANGUAGE
999 _c188505
_d188505